000
00227nam a22000857a 4500
008
161216b xxu||||| |||| 00| 0 eng d
100
_9
2085
_a
Uppal.A.K.etal.
245
_a
Physical Education Health-XI
260
_a
New Delhi
_b
F.P.
_c
2007
999
_c
4963
_d
4963